Anteproyecto de complejo cultural Solar de Monimbó en la ciudad de Masaya

Propone la construcción de un complejo cultural en la entrada de la ciudad de Masaya, a fin de aprovechar la vía principal, específicamente ubicado de la Rotonda de San Jerónimo 100 m al sur por ser de fácil acceso y permitirá que la población asista a las diversas actividades culturales, que...

Full description

Bibliographic Details
Main Authors: Picado Rodríguez, Julio, Solari Martínez, Katherin
Other Authors: Tutor: Rivas Jimenez, Ivette del Carmen
Format: Tesis Section = Libro
Language:Undetermined
Spanish
Published: Managua UNI 2017
Subjects:
LEADER 01298nam a2200277Ia 4500
008 240830s9999 xx 000 0 und d
040 |a BIBLIOTECA-RUSB/ Mon 725.8043 P585 
041 |a spa 
082 |a Mon 725.8043 P585 
100 1 |a Picado Rodríguez, Julio 
100 1 |b Solari Martínez, Katherin 
245 1 0 |a Anteproyecto de complejo cultural Solar de Monimbó en la ciudad de Masaya 
260 |a Managua  |b UNI  |c 2017 
300 |a 122 p. :il. 
500 |a Contiene: anexos e Incluye: CD. 
502 |a Tesis (Arquitecto) - UNI, 2017. 
520 3 |a Propone la construcción de un complejo cultural en la entrada de la ciudad de Masaya, a fin de aprovechar la vía principal, específicamente ubicado de la Rotonda de San Jerónimo 100 m al sur por ser de fácil acceso y permitirá que la población asista a las diversas actividades culturales, que son una muestra viva de nuestra cultura e idiosincrasia. 
650 7 |a CENTRO CULTURAL-SOLAR DE MONIIMBO-MASAYA 
650 7 |b  NORMATIVAS Y REGLAMENTOS DE CONSTRUCCION 
650 7 |c  EDIFICIOS DE RECREACION 
650 7 |d  DISEÑOS ARQUITECTONICOS 
650 7 |e  ARQUITECTURA-DISEÑO Y PLANOSMartínez Barahona, Jan 
700 1 |a Tutor:  |b Rivas Jimenez, Ivette del Carmen 
942 |c BK  |2 ddc 
991 |a TESIS 
999 |c 21317